The two gentlemen of Verona /

保存先:
書誌詳細
第一著者: Shakespeare, William, 1564-1616.
フォーマット: 図書
言語:English
出版事項: Cambridge; New York : Cambridge University Press, 1990.
主題:
タグ: タグ追加
タグなし, このレコードへの初めてのタグを付けませんか!
Thư viện lưu trữ: Mạng thư viện Đại học Đà Nẵng
LEADER 01040cam a2200373 i 4500
001 000045880
003 5079
005 20030213144656.0
008 010220|1990 vm 000 eng
020 |a 0521446031 
040 |a IRC  |c IRC  |d IRC 
041 0 |a eng 
082 1 4 |a 822.33  |b SH-W 
100 1 |a Shakespeare, William,  |d 1564-1616. 
245 0 4 |a The two gentlemen of Verona /  |c William Shakespeare, 1564-1616. 
260 |a Cambridge; New York :  |b Cambridge University Press,  |c 1990. 
300 |a xii, 156p. :  |b ill. 
630 0 4 |a Plays. 
630 0 4 |a Drama. 
630 0 4 |a William Shakespeare. 
650 0 4 |a Triangles (Interpersonal relations)  |z Italy  |z Verona  |x Drama. 
650 0 4 |a Exiles  |z Italy  |z Verona  |x Drama. 
650 0 4 |a Verona (Italy)  |b Drama. 
651 4 |a Verona (Italy)  |x Drama. 
OWN |a DUT 
999 |a From the UDN01 
TYP |a Monograph 
TYP |a Printed language 
980 |a Mạng thư viện Đại học Đà Nẵng